| 000 | 00815nam a2200205 a 4500 | ||
|---|---|---|---|
| 003 | 0 | ||
| 005 | 20250421090608.0 | ||
| 008 | 970114s19uu xx 00 eng d | ||
| 050 |
_aPGS LB 2395 _b.Y25 2003 |
||
| 100 | _aYap, Rey D. II. | ||
| 245 |
_aThe perception of the fourth year students in Southville International School towards their projects and home works / _cRey D. Yap II. |
||
| 260 |
_aLas PiƱas City, Philippines : _bSouthville International School and Colleges, _c2003. |
||
| 300 |
_aUnpaged : _billustrations ; _c28 cm. |
||
| 504 | _aIncludes bibliographic references. | ||
| 650 |
_aHomework _vPsychological aspects. |
||
| 650 |
_aAcademic achievement _vInfluence of homework. |
||
| 650 |
_aStudents _vAttitudes toward schoolwork. |
||
| 650 | _aProject method in education. | ||
| 942 |
_2lcc _cPASS |
||
| 999 |
_c96934 _d96934 |
||